00423 2200157 4500245006100000020002200061250001000083100001700093005001900110260000900129041001400138084000800152500005500160490004100215336000900256 aWORLD HERITAGE NATURE&CULTURE VOL.05cAGUS SANTOSOhText a978-979-15107-3-8 aCet.1 aAGUS SANTOSO a20240828085215 c2009 aIndonesia a959 aDaftar Isi : Benelux, Perancis, PORTUGAL & Spanyol aWORLD HERITAGE NATURE&CULTURE VOL.05 atext